Statistics for Countries that border Mali

Click here to take the quiz!

General Stats

  • This quiz has been taken 280 times
  • The average score is 5 of 7

Answer Stats

Answer% Correct
Niger
89%
Algeria
86%
Mauritania
86%
Burkina Faso
81%
Guinea
59%
Senegal
59%
Côte d'Ivoire
41%

Score Distribution

Percentile by Number Answered

Percent of People with Each Score

Your Score History

You have not taken this quiz